00000000cam 2200000zi 4500
0019.962647
003CaOODSP
00520260507153342
006m     o  d f      
007cr |n|||||||||
008260507t20152015oncab   ob   f|0| 0 eng d
040 |aCaOODSP|beng|erda|cCaOODSP
043 |an-cn-bc
0861 |aM183-2/7861E-PDF
1001 |aPlouffe, Alain, |d1963- |eauthor.
24510|aTill geochemistry and mineralogy near Cu-Au and Cu-Mo porphyry deposits in British Columbia : |bindicators of buried mineralization / |cA. Plouffe, T. Ferbey, S. Hashmi.
264 1|a[Ottawa] : |bGeological Survey of Canada, |c2015.
264 4|c©2015
300 |a1 online resource (1 page) : |billustrations, maps.
336 |atext|btxt|2rdacontent
337 |acomputer|bc|2rdamedia
338 |aonline resource|bcr|2rdacarrier
4901 |aOpen file ; |v7861
504 |aIncludes bibliographical references.
520 |a"Till sampling orientation surveys were completed near the Cu-Mo Gibraltar Mine, the Cu-Au Mount Polley Mine, and the Cu-Mo-Au Woodjam prospect with the objective of defining geochemical and mineralogical indicators of buried Cu porphyry mineralization"--Abstract.
650 0|aAnalytical geochemistry|zBritish Columbia.
650 0|aDrift|zBritish Columbia.
650 6|aGéochimie analytique|zColombie-Britannique.
650 6|aDrift (Glaciologie)|zColombie-Britannique.
7102 |aGeological Survey of Canada, |eissuing body.
830#0|aOpen file (Geological Survey of Canada)|v7861.|w(CaOODSP)9.506878
85640|qPDF|s13.20 MB|uhttps://publications.gc.ca/collections/collection_2026/rncan-nrcan/m183-2/M183-2-7861-eng.pdf
8564 |qHTML|sN/A|uhttps://doi.org/10.4095/296418